Alle Bahnhöfe in NRW (ohne S-Bahnhöfe) [#2] - Statistiken

Allgemein
  • Dieses Quiz wurde 25 mal gespielt
  • Das Durchschnittsergebnis liegt bei 49 aus 112
Antwortstatistiken
Stadt Bahnhof Züge % Korrekt
Bielefeld Bielefeld Hbf RE6/RB61/RB67/RB69/RE70/RB71/RB73/RB74/RB75/RE78/RE82
94%
Löhne Löhne RE6/RE60/RE62/RE70/RB77/RE78
88%
Bad Oeynhausen Bad Oeynhausen RE6/RE60/RE70/RE78
81%
Borgholzhausen Borgholzhausen RB75
81%
Detmold Detmold RB72/RE82
81%
Halle Halle RB75
81%
Herford Herford RE6/RB61/RE70/RB71/RB72/RB77/RE78
81%
Minden Minden RE6/RE60/RE70/RE78
81%
Porta Westfalica Porta Westfalica RE6/RE60/RE70/RE78
81%
Siegen Siegen Hbf RE9/RE34/RB90/RB91/RB93/RB95/RE99
81%
Vlotho Vlotho RB77
81%
Altenbeken Altenbeken RE11/RB72/RE82/RB84/RB85
75%
Bad Driburg Bad Driburg RB84/RB85
75%
Brakel Brakel RB84/RB85
75%
Drensteinfurt Drensteinfurt RE7/RB69/RB89
75%
Geseke Geseke RB89
75%
Horn-Bad Meinberg Horn-Bad Meinberg RB72/RE82
75%
Lage Lage RB72/RB73/RE82
75%
Lippstadt Lippstadt RE11/RB89
75%
Münster Münster Hbf RE2/RE7/RE15/RE42/RB50/RB63/RB64/RB65/RB66/RB67/RB68/RB69/RB89
75%
Oerlinghausen Oerlinghausen RB73/RE82
75%
Paderborn Paderborn Hbf RE11/RB72/RB74/RB84/RB85
75%
Salzkotten Salzkotten RB89
75%
Soest Soest RE11/RB89
75%
Steinhagen Steinhagen RB75
75%
Welver Welver RB89
75%
Bad Sassendorf Bad Sassendorf RB89
69%
Hamm Hamm Hbf RE1/RE3/RE6/RE7/RE11/RE13/RB69/RB89
69%
Altena Altena RE34/RB91
63%
Attendorn Attendorn RB92
63%
Bad Berleburg Bad Berleburg RB93
63%
Bad Laasphe Bad Laasphe RB94
63%
Burbach Burbach RB96
63%
Erndtebrück Erndtebrück RB93/RB94
63%
Finnentrop Finnentrop RE34/RB91/RB92
63%
Iserlohn Iserlohn RE16/RB53/RB91
63%
Kreuztal Kreuztal RE34/RB91/RB93
63%
Olpe Olpe RB92
63%
Plettenberg Plettenberg RE34/RB91
63%
Bielefeld Brackwede RB67/RB69/RB74/RB75
56%
Hilchenbach Hilchenbach RB93
56%
Münster Hiltrup RE7/RB69/RB89
56%
Kirchhundem Kirchhundem RB91
56%
Iserlohn Letmathe RE16/RE34/RB91
56%
Neunkirchen Neunkirchen RB96
56%
Siegen Weidenau RE34/RB91/RB93
56%
Lennestadt Altenhundem RE34/RB91
50%
Hagen Hohenlimburg RE16/RE34/RB91
50%
Höxter Ottbergen RB84/RB85
50%
Bad Oeynhausen Bad Oeynhausen Süd RB77
44%
Siegen Geisweid RB91/RB93
44%
Höxter Rathaus RB84
44%
Hamm Bockum-Hövel RB69/RB89
38%
Welver Borgeln RB89
38%
Iserlohn-Letmathe Dechenhöhle RE16/RB91
38%
Lennestadt Grevenbrück RE34/RB91
38%
Drensteinfurt Mersch RB69/RB89
38%
Salzkotten Scharmede RB89
38%
Kirchhundem Welschen Ennest RE34/RB91
38%
Windeck Au RE9/RB90
31%
Geseke Ehringhausen RB89
31%
Kreuztal Eichen RB91
31%
Siegen Eiserfeld RB90/RB93
31%
Finnentrop Heggen RB92
31%
Attendorn Hohen Hagen RB92
31%
Petershagen Lahde RE78
31%
Attendorn Listerscheid RB92
31%
Kreuztal Littfeld RB91
31%
Lennestadt Meggen RB91
31%
Bielefeld Quelle RB75
31%
Bielefeld Quelle-Kupferheide RB75
31%
Drensteinfurt Rinkerode RB69/RB89
31%
Olpe Sondern RB92
31%
Lippstadt Dedinghausen RB89
25%
Olpe Eichhagen RB92
25%
Attendorn Kraghammer RB92
25%
Höxter Lüchtringen RB84
25%
Bad Laasphe Niederlaasphe RB94
25%
Siegen Niederschelden Nord RB90/RB93
25%
Wilnsdorf Rudersdorf RB95/RE99
25%
Erndtebrück Schameder RB94
25%
Hilchenbach Vormwald RB93
25%
Hilchenbach Vormwald Dorf RB93
25%
Bad Berleburg Aue-Wingeshausen RB93
19%
Steinhagen Bielefelder Straße RB75
19%
Hilchenbach Dahlbruch RB93
19%
Windeck Geilhausen RB90
19%
Kreuztal Kredenbach RB93
19%
Erndtebrück Leimstruth RB94
19%
Hilchenbach Lützel RB93
19%
Burbach Niederdresselndorf RB96
19%
Halle OWL-Arena RB75
19%
Bad Berleburg Raumland-Markhausen RB93
19%
Hilchenbach Stift Keppel-Allenbach RB93
19%
Beverungen Wehrden RB85
19%
Burbach Würgendorf RB96
19%
Erndtebrück Birkelbach RB93
13%
Kreuztal Ferndorf RB93
13%
Bad Laasphe Feudingen RB94
13%
Höxter Godelheim RB84
13%
Halle Hesseln RB75
13%
Hilchenbach Hillnhütten RB93
13%
Halle Künsebeck RB75
13%
Bad Laasphe Oberndorf RB94
13%
Borgholzhausen Westbarthausen RB75
13%
Hamm Westtünen RB89
13%
Burbach Würgendorf Ort RB96
13%
Neunkirchen Altenseelbach RB96
6%
Bad Berleburg Berghausen RB93
6%
Burbach Holzhausen RB96
0%
Neunkirchen Struthütten RB96
0%
Burbach Wahlbach RB96
0%
Keine übereinstimmenden Quizze gefunden
Verteilung der Resultate
Anzahl Personen mit jedem Resultat
Perzentil nach korrekt beantworteten Fragen
Ihre Resultats-Entwicklung
Sie haben dieses Quiz noch nicht gespielt